000 00713nam a2200289Ia 4500
005 20260324115234.0
008 008 260324s9999 xx 000 0 eng d
020 _a9781315186443
037 _aEBOOK
040 _aCRL
040 _beng
040 _cCRL
041 _2eng
041 _aeng
084 _qCRL
100 _aChristophe Wiart
_91148149
245 0 _aMedicinal Plants of Bangladesh and West Bengal
245 0 _bBotany, Natural Products, & Ethnopharmacology
260 _bTaylor and Francis
260 _c2019
365 _a
365 _b290
856 _uhttp://www.taylorfrancis.com/books/9781315186443
942 _cEBOOK
999 _c1744629
_d1744629